| 000 | 00943 a2200253 4500 | ||
|---|---|---|---|
| 003 | OSt | ||
| 005 | 20180116192350.0 | ||
| 008 | 120601t xxu||||| |||| 00| 0 eng d | ||
| 010 | _a 88013981 | ||
| 020 | _a0300042574 (alk. paper) | ||
| 040 | _c0 | ||
| 082 | 0 | 0 | _a307.760973 |
| 100 | 1 |
_aStilgoe, John R., _93586 |
|
| 245 | 1 | 0 |
_aBorderland : _borigins of the American suburb, 1820-1939 / _cJohn R. Stilgoe. |
| 260 |
_aNew Haven : _bYale University Press, _cc1988. |
||
| 300 |
_axiv, 353 p. : _bill. ; _c26 cm. |
||
| 500 | _aIncludes index. | ||
| 650 | 0 |
_aSuburbs _zUnited States _xHistory _y19th century. _93587 |
|
| 650 | 0 |
_aSuburbs _zUnited States _xHistory _y20th century. _93588 |
|
| 650 | 0 |
_aLandscapes _zUnited States _xHistory _y19th century. _93589 |
|
| 650 | 0 |
_aLandscapes _zUnited States _xHistory _y20th century. _93590 |
|
| 942 |
_aSADA _cBK _k307.760973 STI 1988 _2ddc |
||
| 999 |
_c352917 _d352917 |
||